| 000 | 00530nam a22001817a 4500 | ||
|---|---|---|---|
| 003 | UPN | ||
| 005 | 20250813152858.0 | ||
| 008 | 250813b fr| |||erdf||i001 0 eng d | ||
| 040 |
_aMX-MxUPN _bspa _cMX-MxUPN |
||
| 041 | _aeng | ||
| 050 | _aJV6225 W67 | ||
| 245 |
_aPeople on the move : _bhandbook of selected terms and concepts / |
||
| 260 |
_aParís : _bUNESCO, _c[Fecha no identificada] |
||
| 300 | _a59 páginas | ||
| 650 | 2 |
_aMigración forzada _926047 |
|
| 902 | _aMaiella Martínez / 13082024 | ||
| 942 |
_2lcc _cFOLL _n0 |
||
| 999 |
_c213741 _d213741 |
||